| 000 | 00478nam a2200181Ia 4500 | ||
|---|---|---|---|
| 003 | GCL | ||
| 008 | 140319s9999 xx 000 0 eng d | ||
| 040 |
_aGCL / _cGCL |
||
| 082 | 0 | 4 |
_a305.4201 _bJ F |
| 100 | 1 | _aJULIE K., WARD | |
| 245 | 1 | 0 |
_aFEMINISM AND ANCIENT PHILOSOPHY / _cJULIE K., WARD |
| 260 |
_a[S.N] : _bROUTLEDGE ، _c1996 |
||
| 300 | _a295 P | ||
| 650 | 0 | 4 | _aANCIENT - PHILOSOPHY - ANCIENT |
| 650 | 0 | 4 | _aPHILOSOPHY |
| 650 | 0 | 4 | _aFEMINIST THEORY |
| 942 |
_2ddc _cBK |
||
| 999 |
_c13176 _d13176 |
||